书目信息 |
| 题名: |
化工产品设计
|
|
| 作者: | E.L.Cussler ;刘铮等 译 | |
| 分册: | ||
| 出版信息: | 北京 清华大学出版社 2003 |
|
| 页数: | ||
| 开本: | 26cm | |
| 丛书名: | ||
| 单 册: | ||
| 中图分类: | TQ07 | |
| 科图分类: | ||
| 主题词: | 化工产品 , 化工产品:副产品 | |
| 电子资源: | ||
| ISBN: | 7-302-06538-1 | |
| 000 | 00575nam0 2200205 450 | |
| 001 | 0754114953 | |
| 005 | 20070929150154.95 | |
| 010 | @a7-302-06538-1 | |
| 100 | @a20070929d km y0chiy0120 ea | |
| 101 | 0 | @achi |
| 200 | 1 | @a化工产品设计@Ahua gong chan pin she ji@fE.L.Cussler@g刘铮等 译@Gliu zheng deng yi |
| 210 | @a北京@c清华大学出版社@d2003 | |
| 215 | @c插图@d26cm | |
| 606 | 0 | @a化工产品 |
| 606 | 0 | @a化工产品:副产品 |
| 690 | @aTQ07@v3 | |
| 701 | 0 | @aE.L.Cussler |
| 702 | 0 | @a刘铮等@Aliu zheng deng@4译 |
| 801 | 0 | @aCN@bPFT@c20070929 |
| 905 | @a213230@dTQ07@eh113@f1 | |
| 化工产品设计/E.L.Cussler/刘铮等 译.-北京:清华大学出版社,2003 |
| 插图;26cm |
| ISBN 7-302-06538-1: |
| ● |
| 相关链接 |
|
|
|
|
正题名:化工产品设计
索取号:TQ07/h113
 
预约/预借
| 序号 | 登录号 | 条形码 | 馆藏地/架位号 | 状态 | 备注 |
| 1 | 6001772 | 260017724 | 密集书库-化学系/ [索取号:TQ07/h113] | 在馆 |